000
00224nam a2200097 a 4500
005
20201002040735.0
008
140226s1999 000 spa d
245
0
_a
Cine EspaƱol.
260
_a
[s.l.],
_c
1999.
999
_c
42716
_d
42716
040
_a
DO-SdBNP